000 00622cam a22002173a 4500
001 27546
003 PGUSA
005 20140828083609.0
008 081216s2008||||xxu|||||s|||||000 | eng d
040 _aPGUSA
_beng
042 _adc
050 4 _aPH
100 1 _aTömörkény, István,
_d1866-1917
245 1 0 _aKülönféle magyarok meg egyéb népek
_h[electronic resource] /
_cIstván Tömörkény
260 _bProject Gutenberg,
_c2008
506 _aPublic domain in the USA.
516 _aElectronic text
830 0 _aProject Gutenberg
_v27546
856 4 0 _uhttp://www.gutenberg.org/ebooks/27546
942 _cEB
999 _c256801
_d256801